[Event "Guadalajara Peoneros op 1st"]
[Site "Guadalajara"]
[Date "2020.02.01"]
[Round "4"]
[White "Romero Douriet, Vicente Paul"]
[Black "Borja Nieto, Alfonso"]
[Result "1-0"]
[WhiteElo "1774"]
[BlackElo "1818"]
[PlyCount "68"]
[EventDate "2020.01.11"]
[EventType "swiss"]
[EventRounds "5"]
[EventCountry "MEX"]
[SourceTitle "CBM 195 Extra"]
[Source "ChessBase"]
[SourceDate "2020.05.31"]
[SourceVersion "1"]
[SourceVersionDate "2020.05.31"]
[SourceQuality "1"]

1. e4 e6 2. d4 d5 3. Nd2 Nf6 4. e5 Nfd7 5. c3 a6 6. Bd3 c5 7. Ngf3 Nc6 8. 0-0 Qc7 9. Re1 c4 10. Bc2 Nb6 11. b3 Na5 12. Bb2 h6 13. Nf1 Bd7 14. Ne3 Be7 15. Nd2 h5 16. bxc4 Naxc4 17. Ndxc4 dxc4 18. a4 Bg5 19. Ba3 Bxe3 20. fxe3 Nd5 21. Qd2 Qa5 22. Bb2 g5 23. e4 Nf4 24. g3 Nh3+ 25. Kg2 g4 26. Rf1 Bc6 27. Qe2 Qc7 28. Ba3 b6 29. Rad1 0-0-0 30. Bd6 Qb7 31. Qxc4 Rxd6 32. exd6 Kb8 33. d5 exd5 34. exd5 Rc8 1-0